Search the Library Catalogue
| 000 -LEADER | |
|---|---|
| fixed length control field | 00419nam a2200157Ia 4500 |
| 008 - FIXED-LENGTH DATA ELEMENTS--GENERAL INFORMATION | |
| fixed length control field | 191130s2008##################000#0#eng## |
| 020 ## - INTERNATIONAL STANDARD BOOK NUMBER | |
| ISBN | 9781846967245 |
| 082 ## - DEWEY DECIMAL CLASSIFICATION NUMBER | |
| Classification number | 912 HOE |
| 100 ## - MAIN ENTRY--AUTHOR NAME | |
| Personal name | Hoe, Susan |
| 245 ## - TITLE STATEMENT | |
| Title | Where things come from |
| Statement of responsibility, etc | Susan Hoe |
| 260 ## - PUBLICATION, DISTRIBUTION, ETC. (IMPRINT) | |
| Place of publication | Tunbridge Wells |
| Name of publisher | Ticktock |
| Year of publication | 2008 |
| 500 ## - GENERAL NOTE | |
| General note | Includes index |
| Withdrawn status | Lost status | Damaged status | Not for loan | Home library | Current library | Date acquired | Full call number | Accession Number | Price effective from | Koha item type |
|---|---|---|---|---|---|---|---|---|---|---|
| Anna Centenary Library | Anna Centenary Library | 13.10.2020 | 912 HOE | 333483 | 13.10.2020 | English Books |